Petrodolar [juego] : banco central de al kaifar /
Guardado en:
| Formato: | Objeto Físico |
|---|---|
| Publicado: |
Argentina :
Yetem,
,[199?]
|
| Materias: | |
| Etiquetas: |
Agregar Etiqueta
Sin Etiquetas, Sea el primero en etiquetar este registro!
|
| LEADER | 00952nrm a22001695g 4500 | ||
|---|---|---|---|
| 001 | CEM.cems019128 | ||
| 008 | 130507b199?##################0###0#####d | ||
| 005 | 20220829163908.0 | ||
| 003 | CEMS | ||
| 245 | 0 | 0 | |a Petrodolar [juego] : |b banco central de al kaifar / |c Yetem. |
| 260 | |a Argentina : |b Yetem, |c ,[199?] | ||
| 300 | |a 1 juego (1 tablero, 4 conjuntos de fichas-jefes de estado y 1 agente secreto,16 cartas incidentes internacionales,2 fajos de billetes de 10 y 50 millones,16 fichas-buques petroleros, 12fichas-oleoductos) ; en caja 47 x 24 x 3 cm. + manual de instrucciones. | ||
| 490 | L | o | | juegos del rey / Yetem. |
| 500 | |a A partir de 12 años y adultos. para 2 a 6 jugadores. objetivo:enriquecerse mediante la posesión de pozos petroleros y buques para el transporte del petróleo, tratando de sobrevivir en la región de Al Kaifar. | ||
| 082 | 0 | 4 | |a J794 |
| 653 | |a 1. juegos de estrategia de guerra | ||
| 859 | |a CEMS |b BIB. CEMS - Ludoteca |h J794 |i Y48 |p 026.92 |t Ej.1 | ||
